Top 40 Normandie - Statistiques

Statistiques générales
  • Ce quiz a été pris 51 fois
  • Le résultat moyen est 13 sur 40
Statistiques - réponses
Hint Réponse % Correct
108 398 Caen
100%
116 331 Rouen
98%
166 462 Le Havre
93%
78 028 Cherbourg
82%
48 335 Evreux
75%
28 599 Dieppe
68%
25 667 Alençon
64%
19 540 Lisieux
55%
19 352 Saint-lô
55%
17 961 Fécamp
41%
12 754 Bayeux
36%
25 954 Le Grand-Quevilly
36%
24 841 Vernon
36%
21 935 Le Petit-Quevilly
34%
13 494 Argentan
32%
14 308 Flers
32%
22 473 Hérouville-Saint-Clair
32%
15 774 Elbeuf
25%
29 039 Sotteville-lès-Rouen
25%
20 188 Mont-Saint-Aignan
23%
28 653 Saint-Étienne-du-Rouvray
23%
11 548 Yvetot
23%
14 497 Bois-Guillaume
20%
11 868 ifs
18%
18 347 Louviers
18%
10 286 Mondeville
18%
15 671 Montivilliers
16%
12 287 Oissel
16%
12 939 Val-de-Reuil
16%
17 411 Vire Normandie
16%
12 227 Barentin
14%
11 618 bolbec
11%
11 005 Maromme
11%
12 395 Gisors
9%
14 420 Canteleu
7%
11 444 La Hague
5%
10 414 Caudebec-lès-Elbeuf
2%
10 690 Déville-lès-Rouen
2%
12 799 Grandville
0%
10 392 Port-Jérome-sur-seine
0%
Aucun quiz correspondant
Distribution des résultats
% des personnes avec chaque résultat
Percentile par nombre de réponses
Votre historique - résultats
Vous n’avez pas pris ce quiz